000
00297nam a2200121Ia 4500
008
241002s9999 xx 000 0 und d
082
_a
370.19 RUS
100
_a
Russell, Bertrand
245
0
_a
Education and the Social Order
260
_a
London:
_c
1967
600
_a
Social Sciences
942
_c
UC
999
_c
18634
_d
18634